Situación educativa de América Latina y el Caribe, 1980 1994: proyecto principal de educación

Saved in:
Bibliografiske detaljer
Institution som forfatter: UNESCO (Author)
Format: Bog
Sprog:spansk
Udgivet: Santiago UNESCO 1996
Fag:
Tags: Tilføj Tag
Ingen Tags, Vær først til at tagge denne postø!

MARC

LEADER 00000nam a2200000 a 4500
001 UCT1238
003 CL-VaPUC
008 960927e19960000CL |||||||||||||||||spa|d
082 0 4 |a 370.98  |b UNE  |2 21 
110 2 |a UNESCO  |e author  |9 369988 
245 1 0 |a Situación educativa de América Latina y el Caribe, 1980 1994: proyecto principal de educación 
300 |a 702 p 
942 |c BK 
945 |d 19960927 00:00:00  |a nastorga 
260 |a Santiago  |b UNESCO  |c 1996 
650 0 |a Educación  |9 258661 
650 0 |a Política educacional  |9 308011 
650 7 |a DESARROLLO DE LA EDUCACION  |2 CL-VaPUC  |9 369989 
650 0 |a Calidad de la educación   |9 307271 
650 0 |a Educación básica   |9 224933 
650 0 |a Aprendizaje   |9 254827 
650 0 |a Educación de adultos  |9 307580 
650 0 |a Democracia  |9 255256 
650 0 |a Medio ambiente  |9 257625 
650 0 |a Derechos humanos  |9 223025 
650 0 |a Planificación de la educación   |9 307333 
650 7 |a FINANCIAMIENTO DE LA EDUCACION  |2 CL-VaPUC  |9 369990 
651 0 |a América Latina   |9 255027 
651 7 |a ISLAS CARIBES  |2 CL-VaPUC  |9 255533 
583 |a last modification  |c 19960927 00:00:00  |k Rodrigo Vera 
999 |c 251811  |d 251809 
952 |0 0  |1 0  |4 0  |6 370_980000000000000_UNE_1996  |7 0  |8 A  |9 271247  |a BIBEDU  |b BIBEDU  |d 2019-11-19  |i 3231445  |o 370.98 UNE 1996  |p 3231445  |r 2019-11-19  |w 2019-11-19  |y BK  |k EDU